| 000 -LEADER |
| fixed length control field |
02202cam a22003131 4500 |
| 001 - CONTROL NUMBER |
| control field |
10353868 |
| 003 - CONTROL NUMBER IDENTIFIER |
| control field |
OS-DLC |
| 005 - DATE AND TIME OF LATEST TRANSACTION |
| control field |
20180103033102.0 |
| 008 - FIXED-LENGTH DATA ELEMENTS--GENERAL INFORMATION |
| fixed length control field |
711029r19671927nyuac b 010 0 eng |
| 010 ## - LIBRARY OF CONGRESS CONTROL NUMBER |
| LC control number |
67023212 |
| 035 ## - SYSTEM CONTROL NUMBER |
| System control number |
(OCoLC)167412 |
| 040 ## - CATALOGING SOURCE |
| Original cataloging agency |
DLC |
| Transcribing agency |
ODaWU |
| Modifying agency |
OCoLC |
| -- |
DLC |
| 042 ## - AUTHENTICATION CODE |
| Authentication code |
premarc |
| 050 00 - LIBRARY OF CONGRESS CALL NUMBER |
| Classification number |
330 |
| Item number |
.E3 1967 |
| 082 ## - DEWEY DECIMAL CLASSIFICATION NUMBER |
| Classification number |
330 CLA |
| 245 00 - TITLE STATEMENT |
| Title |
Economic essays, |
| Remainder of title |
contributed in honor of John Bates Clark. |
| Statement of responsibility, etc |
Edited by Jacob H. Hollander. Published on behalf of the American Economic Association. |
| 260 ## - PUBLICATION, DISTRIBUTION, ETC. (IMPRINT) |
| Place of publication, distribution, etc |
Freeport, N.Y., |
| Name of publisher, distributor, etc |
Books for Libraries Press |
| Date of publication, distribution, etc |
[1967] |
| 300 ## - PHYSICAL DESCRIPTION |
| Extent |
vii, 368 p. |
| Other physical details |
illus., port. |
| Dimensions |
22 cm. |
| 440 #0 - SERIES STATEMENT/ADDED ENTRY--TITLE |
| Title |
Essay index reprint series |
| 500 ## - GENERAL NOTE |
| General note |
"First published 1927." |
| 500 ## - GENERAL NOTE |
| General note |
The farmers' indemnity, by A. S. Johnson.--Eight-hour theory in the American Federation of Labor, by H. R. Mussey.--The holding movement in agriculture, by J. E. Pope.--The early teaching of economics in the United States, by E. R. A. Seligman.--A functional theory of economic profit, by C. A. Tuttle.--"Bibliography of the writings of John Bates Clark" (p. 339-351) |
| 505 0# - FORMATTED CONTENTS NOTE |
| Formatted contents note |
John Bates Clark as an economist, by J. H. Hollander.--Static economics and business forecasting, by B. M. Anderson, Jr.--The entrepreneur and the supply of capital by G. E. Barnett.--The Malthusiad: fantasia economica, by J. Bonar.--The static state and the technology of economic reform, by T. N. Carver.--The relation between statics and dynamics, by J. M. Clark.--Elasticity of supply as a determinant of distribution, by P. H. Douglas.--Land economics, by R. T. Ely.--Clark's reformulation of the capital concept, by F. A. Fetter.--A statistical method for measuring "mariginal utility" and testing the justice of a progressive income tax, by I. Fisher.--Alternatives seen as basic economic facts, by F. H. Giddings.--Les coopératives dans les pays latins: un problème de géographie sociale, by C. Gide. |
| 650 #0 - SUBJECT ADDED ENTRY--TOPICAL TERM |
| Topical term or geographic name as entry element |
Economics. |
| 700 1# - ADDED ENTRY--PERSONAL NAME |
| Personal name |
Clark, John Bates, |
| Dates associated with a name |
1847-1938. |
| 700 1# - ADDED ENTRY--PERSONAL NAME |
| Personal name |
Hollander, Jacob H. |
| Fuller form of name |
(Jacob Harry), |
| Dates associated with a name |
1871-1940, |
| Relator term |
ed. |
| 710 2# - ADDED ENTRY--CORPORATE NAME |
| Corporate name or jurisdiction name as entry element |
American Economic Association. |
| 906 ## - LOCAL DATA ELEMENT F, LDF (RLIN) |
| a |
7 |
| b |
cbc |
| c |
oclcrpl |
| d |
u |
| e |
ncip |
| f |
19 |
| g |
y-gencatlg |
| 942 ## - ADDED ENTRY ELEMENTS (KOHA) |
| Source of classification or shelving scheme |
|
| Koha item type |
Books |